Sports Quiz

Random Sports or NFL Quiz

NFL Mascots in Other Words Quiz Stats

 Plays Quiz not verified by Sporcle

Challenge
Share
Tweet
Embed
Score 0/32 Timer 04:00
0 Plays Today
Other Words Mascots % Correct
National BirdEagle
74.3%
Fishy MammalDolphin
71.7%
.45Colt
67.9%
Poe PoemRaven
66.8%
Seven Squared49er
63.6%
Dirty ColorBrown
61%
MinutemanPatriot
59.4%
ThiefSteeler
56.7%
For Your BatteriesCharger
53.5%
OJ's GetawayBronco
52.9%
Dirty BirdFalcon
51.9%
Ocean RaptorSeahawk
48.1%
InvaderRaider
46.5%
Remember or Release ThemTitans
43.3%
Army InsectGiant
40.6%
Luxury CarJaguar
38.5%
Other Words Mascots % Correct
A Dollar For CornBuccaneer
37.4%
NakednessBear
35.8%
___ CodyBill
35.8%
Not Telling the TruthLion
33.2%
North, South, East, WestCardinal
32.6%
Bernard's First NameSaint
29.4%
Ruddy ComplectionRedskin
28.9%
Six RulersViking
28.3%
Does This to MeatPacker
26.7%
'Walk Like an Egyptian'Bengal
25.7%
Paul McCartney and Wings SongJet
25.1%
Pink or FloridaPanther
25.1%
Bovine ChildCowboy
25.1%
The Cook and IChief
22.5%
Hit HardRam
21.4%
StatesmanTexan
16%

You're not logged in!

Compare scores with friends on all Sporcle quizzes.
Join for Free
OR
Log In

You Might Also Like...

Show Comments

Extras

Top Quizzes Today


Score Distribution

Your Account Isn't Verified!

In order to create a playlist on Sporcle, you need to verify the email address you used during registration. Go to your Sporcle Settings to finish the process.

Report this User

Report this user for behavior that violates our Community Guidelines.

Details: